| 000 | 00637cam a22002051 4500 | ||
|---|---|---|---|
| 001 | sa 65003491 | ||
| 003 | DLC | ||
| 005 | 20260227112123.0 | ||
| 008 | 791004s1964 my 000 0 ind | ||
| 010 | _asa 65003491 | ||
| 035 | _a(OCoLC)5464508 | ||
| 040 |
_aDLC _cOAU _dDLC |
||
| 042 | _apremarc | ||
| 050 | 0 | 0 |
_aDS643 _b.P33 |
| 110 | 2 | _aPartai Komunis Indonesia. | |
| 245 | 0 | 0 |
_aAliarcham, _bsedikit tentang riwajat dan perdjuangannja _c[sebuah tulisan sumbangan dari Lembaga Sedjarah PKI] |
| 260 |
_aDjakarta, _bAkademi Ilmu Sosial Aliarcham, _c1964. |
||
| 300 |
_a34 p. _billus., ports. _c18 cm. |
||
| 600 | 0 | 0 |
_aAliarcham, _d1901-1933. |
| 999 |
_c63198 _d63198 |
||